000 00631nam a2200241 i 4500
001 C2-0081531
003 PPAK
005 20180727084525.0
008 970429s1986 enka|||| ||||| | eng d
040 _aPPAK
_beng
_cPPAK
_erda
082 0 4 _a359
_223
090 0 0 _a359
_bMIL
_dR
100 1 _aMiller, David,
_eauthor
245 1 0 _aModern naval combat
264 1 _aLondon :
_bSalamander Books ,
_c1986
300 _a209 pages :
_bcolour illustrations ;
_c31 cm
336 _2rdacontent
_atext
337 _2rdamedia
_aunmediated
338 _2rdacarrier
_avolume
650 1 0 _aWarships
700 _eauthor
942 _ddc
_cB
999 _c14719
_d14719